Suryavamshi / (Record no. 181286)

000 -LEADER
fixed length control field 00421nam a22001697a 4500
020 ## - INTERNATIONAL STANDARD BOOK NUMBER
ISBN 9789353456436
082 ## - DEWEY DECIMAL CLASSIFICATION NUMBER
Classification number 823
Item number ABA/S
100 ## - MAIN ENTRY--AUTHOR NAME
Personal name Abanindranath Tagore
245 ## - TITLE STATEMENT
Title Suryavamshi /
Statement of responsibility, etc by Abanindranath Tagore
260 ## - PUBLICATION, DISTRIBUTION, ETC. (IMPRINT)
Place of publication New Delhi:
Name of publisher Juggernaut,
Year of publication 2024.
300 ## - PHYSICAL DESCRIPTION
Number of Pages 250p.
650 ## - SUBJECT ADDED ENTRY--TOPICAL TERM
Topical Term Novel English
650 ## - SUBJECT ADDED ENTRY--TOPICAL TERM
Topical Term Literature English
650 ## - SUBJECT ADDED ENTRY--TOPICAL TERM
Topical Term Literature
700 ## - ADDED ENTRY--PERSONAL NAME
Personal name Sandipan Deb (tr.)
942 ## - ADDED ENTRY ELEMENTS (KOHA)
Koha item type Book
Holdings
Withdrawn status Lost status Damaged status Not for loan Permanent Location Current Location Shelving location Date acquired Cost, normal purchase price Full call number Accession Number Price effective from Koha item type
        Sree Sankaracharya University of Sanskrit Sree Sankaracharya University of Sanskrit Stacks 24.04.2026 450.00 823 ABA/S 108224 24.04.2026 Book